01143nam a2200193Ia 4500001001100000003001000011008004100021040002500062041001300087100002200100245007700122250001100199260005900210300002800269500026000297501011400557520026000671650001800931L760-29516IT-CnALBA170116s9999||||xx |||||||||||||| ||und|| aIT-CnALBAcIT-CnALBA aITALIANO aFRASSINELLI CARLO 0aENCICLOPEDIA POLIGRAFICA. TRATTATO DI ARCHITETTURA TIPOGRAFICA. D' III.  a1a ed. a ROMAbRAGGIO EDITRICE LIBRARIA c1955 [1° Ed.: n.d.] a199 p. (prefazione: 12) aENCICLOPEDIA POLIGRAFICA. IL COMPOSITORE GRAFICO. CARATTERI DA STAMPA. SPAZI BIANCHI E MARGINI. I FILETTI NELLA DISPOSIZIONE TIPOGRAFICA. ARMONIA DI FORMA. SIMMETRIA ED EQUILIBRIO. LETTERE INIZIALI. CONTORNI DECORATIVI. STORIA E SVILUPPO DELLA NUOVA TIPOG aSocietà San Paolo EM - Piazza San Paolo, 14 - 12051 ALBA (CN) (non commercial uses only) ® Copyright 2017 aENCICLOPEDIA POLIGRAFICA. IL COMPOSITORE GRAFICO. CARATTERI DA STAMPA. SPAZI BIANCHI E MARGINI. I FILETTI NELLA DISPOSIZIONE TIPOGRAFICA. ARMONIA DI FORMA. SIMMETRIA ED EQUILIBRIO. LETTERE INIZIALI. CONTORNI DECORATIVI. STORIA E SVILUPPO DELLA NUOVA TIPOG aARTI GRAFICHE